00658 2200229 4500001002100000005001500021035002000036007000300056008004100059020002200100082000800122084001400130100001800144245009200162260004500254300003800299650003000337700000900367520003000376990001100406990001100417INLIS00000000000338220090102061212 a0010-0109000045ta090102 g 0 ind  a978-602-19218-4-5 a904 a904 AAN p0 aAAN, Ratmanto1 aPasukan Siliwangi :bLoyalitas, Patriotisme, dan Heroisme /cAan Ratmanto; editor, Mapa aYogyakarta :bMata Padi Pressindo,c2015 aviii, 240 hlm. :bilus. ;c21 cm. 4aSEJARAH.PASUKAN SILIWANGI0 aMAPA aBibliografi: hlm. 237-240 a6687 a a6687 b